Textbook Of Microbiology (Record no. 15565)
[ view plain ]
| 000 -LEADER | |
|---|---|
| fixed length control field | 00342nam a22001577a 4500 |
| 003 - CONTROL NUMBER IDENTIFIER | |
| control field | SGT |
| 020 ## - INTERNATIONAL STANDARD BOOK NUMBER | |
| International Standard Book Number | 9788178556406 |
| 082 ## - DEWEY DECIMAL CLASSIFICATION NUMBER | |
| Classification number | 616.01 |
| Item number | M17B |
| 100 ## - MAIN ENTRY--PERSONAL NAME | |
| Personal name | Baveja CP |
| 245 ## - TITLE STATEMENT | |
| Title | Textbook Of Microbiology |
| 250 ## - EDITION STATEMENT | |
| Edition statement | 5TH |
| 260 ## - PUBLICATION, DISTRIBUTION, ETC. (IMPRINT) | |
| Place of publication, distribution, etc | NEW DELHI |
| Name of publisher, distributor, etc | ARYA PUBLISHER |
| Year of Publication | 2017 |
| 300 ## - PAGE DESCRIPTION | |
| No. of Pages | 646 |
| 650 ## - SUBJECT ADDED ENTRY--TOPICAL TERM | |
| Topical term or geographic name as entry element | Microbiology |
| 942 ## - ADDED ENTRY ELEMENTS (KOHA) | |
| Source of classification or shelving scheme | Dewey Decimal Classification |
| Koha item type | Books |
| 942 ## - ADDED ENTRY ELEMENTS (KOHA) | |
| -- | 46 |
| Withdrawn status | Lost status | Source of classification or shelving scheme | Damaged status | Not for loan | Home library | Current library | Shelving location | Date acquired | Vendor Name | Cost, normal purchase price | SGTU | Bill Number | Total Checkouts | Full call number | Accession No. (Barcode) | Date last seen | Date last borrowed | Bill Date | Koha item type | Total Renewals |
|---|---|---|---|---|---|---|---|---|---|---|---|---|---|---|---|---|---|---|---|---|
| Dewey Decimal Classification | SGT Dental Library | SGT Dental Library | Text Book | 14/06/2018 | ABC | 795.00 | SGTU | 9730 | 19 | 616.01 M17B | FD7692 | 30/08/2025 | 13/08/2025 | 15/05/2018 | Books | |||||
| Dewey Decimal Classification | SGT Dental Library | SGT Dental Library | Text Book | 14/06/2018 | ABC | 795.00 | SGTU | 9730 | 23 | 616.01 M17B | FD7693 | 03/02/2025 | 14/01/2025 | 15/05/2018 | Books | 2 | ||||
| Dewey Decimal Classification | SGT Dental Library | SGT Dental Library | Text Book | 14/06/2018 | ABC | 795.00 | SGTU | 9730 | 16 | 616.01 M17B | FD7694 | 22/04/2026 | 08/04/2026 | 15/05/2018 | Books | |||||
| Dewey Decimal Classification | SGT Dental Library | SGT Dental Library | Text Book | 14/06/2018 | ABC | 795.00 | SGTU | 9730 | 7 | 616.01 M17B | FD7695 | 05/05/2025 | 28/04/2025 | 15/05/2018 | Books | |||||
| Dewey Decimal Classification | SGT Dental Library | SGT Dental Library | Text Book | 14/06/2018 | ABC | 795.00 | SGTU | 9730 | 26 | 616.01 M17B | FD7696 | 07/06/2023 | 22/05/2023 | 15/05/2018 | Books |